000 01431nam a2200313 a 4500
001 BRCA_3041
005 20190320204100.0
008 220109s1769----fr-a---###---#000-0#fre-u
041 _afre
044 _afr
084 _a348
_b.D38
_c1769
100 1 _aCervantes Saavedra, Miguel de
_d1547-1616
_9213
245 1 0 _aHistoire de L´Admirable Don Quichotte de la Manche
_cMiguel de Cervantes Saavedra.
260 _aParís
_bDavid I´ainé
_c1769
300 _a6 v.
_bil.
_c17 cm.
500 _aContenido : v 1. Primera parte. Advertencia del traductor. Texto. -- v 2. Texto. -- v 3. Segunda parte. Texto. -- v 4. Texto. -- v 5. Primera parte de la continuación por el traductor. -- v 6. Segunda parte de la continuación por el traductor
500 _aEdición : Nouvelle edition
500 _aEdición arreglada conforme a la que publicaron los editores de la Compagnie des Libraires en 1722. Piel; lomeras decoradas con dorados Lúdovik Osterc
500 _aQM272
546 _aTexto en : francés
650 1 4 _aNovela española
_yÉpoca clásica, 1500-1700
_9215
650 1 4 _aLiteratura española
_yÉpoca clásica, 1500-7100
_98350
650 1 4 _aNovela española
_ySiglo XVII
_9217
650 1 4 _aDon Quijote (Personaje ficticio)
_eNovela
_9218
700 1 _aSaint-Martin, Francois Filleau de
_d1632-1695
_eTraductor
_98351
740 0 _aEl Ingenioso Hidalgo Don Quijote de la Mancha
902 _aQFM
942 _2lcc
_cB
999 _c2777
_d2777